[Event "46th Roda Open 2019"]
[Site "La Roda"]
[Date "2019.04.19"]
[Round "4.3"]
[White "Ladron De Guevara Pinto, Paolo"]
[Black "Solodovnichenko, Yuri"]
[Result "0-1"]
[WhiteElo "2429"]
[BlackElo "2554"]
[Annotator "TA"]
[PlyCount "106"]
[EventDate "2019.04.17"]
[EventType "swiss"]
[EventCountry "ESP"]
[SourceTitle "playchess.com"]
[Source "ChessBase"]
[SourceQuality "1"]

{[%evp 18,106,33,23,18,27,35,35,42,28,48,43,57,59,64,34,39,8,44,15,21,47,52,34,72,20,54,-2,-8,-15,-16,-60,-55,-54,94,95,89,41,34,-217,-205,-213,-179,-260,-258,-230,-187,-272,-266,-251,-259,-265,-257,-281,-254,-258,-266,-322,-306,-323,-293,-293,-284,-309,-285,-266,-144,-166,-73,-74,-82,-66,-84,-225,-220,-219,-212,-240,-233,-297,-307,-449,-383,-423,-363,-674,-607,-1345,-1307,-4145,-1360]} 1. e4 c5 2. Nf3 e6 3. d4 cxd4 4. Nxd4 Nc6 5. Nb5 d6 6. c4 Nf6 7. N1c3 a6 8. Na3 Be7 9. Be2 b6 10. O-O Bb7 {B44: Sicilian: Taimanov: 5 Nb5} 11. Be3 Nb8 {[%cal Bc6b8,Bb8d7,Bd7e5,Be5g6,Bg6f4][%mdl 32]} (11... Ne5 12. f3 Ned7 13. Nc2 Qc7 14. Rc1 O-O 15. Nd4 Rac8 16. Qd2 Rfe8 17. Rfd1 Qb8 18. Kh1 Ne5 19. b3 Ba8 20. Bf1 Bd8 21. Bg1 Bc7 22. b4 Rcd8 23. Qc2 h5 24. Bf2 {½-½ (53) Naiditsch,A (2687)-Vitiugov,N (2726) Doha 2016}) 12. f3 O-O $146 {White is slightly better.} ({Predecessor:} 12... Nbd7 13. Qd2 Qc7 14. Rfc1 O-O 15. Nc2 Rac8 {½-½ (16) Drabke,L (2425)-Dovzik,J (2381) Austria 2007}) 13. Nc2 Nbd7 14. Qd2 Qc7 15. Nd4 Rac8 16. Rfc1 Ne5 17. a4 Qd7 18. b3 d5 19. cxd5 exd5 20. Nf5 $36 {[%mdl 2048] White has good play.} Bd8 21. f4 (21. Rd1 $16) 21... Ng6 22. Ng3 ({Better is} 22. Qd3 $14) 22... d4 $11 23. Qxd4 Nxf4 24. Bc4 Qxd4 25. Bxd4 Re8 (25... Ne6 $15 {stays ahead.} 26. Bf2 Ng4) 26. Nf5 $16 {Strongly threatening Nd6.} Nxe4 27. Nxe4 Rxe4 28. Bxf7+ $2 {[%mdl 8192]} (28. Re1 $14 {keeps the upper hand.}) 28... Kxf7 $19 29. Rxc8 Ne2+ 30. Kh1 (30. Kf2 $142 Bxc8 31. Nd6+ Ke6 32. Nxe4 Nxd4 33. Rd1) 30... Bxc8 31. Nd6+ Ke7 32. Nxe4 (32. Nxc8+ $142 Kd7 33. Nxb6+ Kc6 34. Bxg7 Bxb6 35. g3) 32... Nxd4 33. b4 Bf5 {Hoping for ...Nc2.} 34. Nc3 Nc2 35. Nd5+ Kd6 36. Rd1 {Threatening Ne3+.} Ke5 37. Nc3 {[#] aiming for Rd5+.} Be7 38. Nd5 Bxb4 39. Nxb6 Ne3 40. Rd8 Be4 41. Kg1 Bc6 (41... a5 $19 42. Rg8 g6) 42. Nd7+ $17 Bxd7 (42... Kf5 $19 {is more deadly. Threatens to win with ...Be7.} 43. Nb8 Bxa4 44. Nxa6 Be7) 43. Rxd7 Nf5 44. g4 Ne7 45. a5 (45. Kf2 $17) 45... Ke6 $19 46. Rb7 Bxa5 47. Kg2 {[#]} Bd8 $1 48. h4 a5 {[%cal Ba6a5,Ba5a4][%mdl 32]} 49. Kh3 (49. g5 {keeps fighting.}) 49... h6 50. Ra7 Bb6 51. Rb7 $2 (51. Ra8) 51... Bd4 {Black is clearly winning.} 52. Kg2 Nc6 53. Kf3 a4 {Accuracy: White = 32%, Black = 50%.} 0-1

[Event "46th Roda Open 2019"]
[Site "La Roda"]
[Date "2019.04.19"]
[Round "4.4"]
[White "Grigoryan, Karen H."]
[Black "Martinez Reyes, Pedro Ramon"]
[Result "0-1"]
[WhiteElo "2545"]
[BlackElo "2404"]
[Annotator "RC"]
[PlyCount "116"]
[EventDate "2019.04.17"]
[EventType "swiss"]
[EventCountry "ESP"]
[SourceTitle "playchess.com"]
[Source "ChessBase"]
[SourceQuality "1"]
[TimeControl "5400+30"]

1. d4 {[%emt 0:00:07]} d5 {[%emt 0:00:00]} 2. Nf3 {[%emt 0:00:23]} Nf6 {[%emt 0:00:00]} 3. Bf4 {[%emt 0:00:14]} c5 {[%emt 0:00:37]} 4. e3 {[%emt 0:01:29]} Nc6 {[%emt 0:00:07]} 5. c3 {[%emt 0:00:45]} Qb6 {[%emt 0:00:06]} 6. Qb3 {[%emt 0:00:33]} c4 {[%emt 0:00:03]} 7. Qc2 {[%emt 0:00:10]} Bf5 {[%emt 0:00:10]} 8. Qc1 {[%emt 0:00:07]} Nh5 {[%emt 0:00:07]} 9. Bg5 {[%emt 0:01:52]} f6 {[%emt 0:00:08]} 10. Bh4 {[%emt 0:00:19]} g5 {[%emt 0:00:11]} 11. Bg3 {[%emt 0:00:11]} Bg7 {[%emt 0:13:18]} 12. Nbd2 {[%emt 0:05:24]} O-O {[%emt 0:06:58]} 13. e4 {[%emt 0:04:34]} dxe4 {[%emt 0:00:45]} 14. Nxc4 {[%emt 0:00:48]} Qd8 {[%emt 0:00:21]} 15. Nfd2 {[%emt 0:00:21]} Bg6 {[%emt 0:03:11]} 16. Be2 {[%emt 0:18:49]} f5 {[%emt 0:10:58]} 17. Qd1 {[%emt 0:00:51]} Nf6 {[%emt 0:00:01]} 18. Be5 {[%emt 0:02:19]} b5 {[%emt 0:01:01]} 19. Qb3 {[%emt 0:05:10]} Qd5 {[%emt 0:13:25]} 20. Bxf6 {[%emt 0:02:12]} Bxf6 {[%emt 0:01:27]} 21. Ne3 {[%emt 0:00:17]} Qxb3 {[%emt 0:00:05]} 22. Nxb3 {[%emt 0:01:01]} a6 {[%emt 0:02:16]} 23. Nd5 {[%emt 0:03:29]} Bg7 {[%emt 0:00:59]} 24. Nc7 {[%emt 0:06:39]} Ra7 {[%emt 0:00:22]} 25. Ne6 {[%emt 0:00:36]} Rf6 {[%emt 0:00:13]} 26. Nxg5 {[%emt 0:01:39]} h6 {[%emt 0:00:42]} 27. Nh3 {[%emt 0:00:09]} f4 {[%emt 0:00:01]} 28. g3 {[%emt 0:06:02]} f3 {[%emt 0:01:09]} 29. Bf1 {[%emt 0:00:13]} e5 {[%emt 0:01:10]} 30. dxe5 {[%emt 0:00:40]} Nxe5 {[%emt 0:00:01]} 31. Nf4 {[%emt 0:01:36]} Bf7 {[%emt 0:13:04]} 32. Bh3 {[%emt 0:11:54]} Rxf4 {[%emt 0:00:15]} 33. gxf4 {[%emt 0:00:06]} Nd3+ {[%emt 0:00:06]} 34. Kf1 {[%emt 0:01:30]} Nxf4 {[%emt 0:01:45]} 35. Bf5 {[%emt 0:02:33]} Bc4+ {[%emt 0:00:33]} 36. Ke1 {[%emt 0:00:09]} Rf7 {[%emt 0:01:57]} 37. Bxe4 {[%emt 0:05:25]} Re7 {[%emt 0:02:07]} 38. Nc5 {[%emt 0:01:01]} Nd3+ {[%emt 0:01:56]} 39. Nxd3 {[%emt 0:06:17]} Rxe4+ {[%emt 0:00:15]} 40. Kd1 {[%emt 0:00:06]} Bxd3 {[%emt 0:00:05]} 41. Kd2 {[%emt 0:00:07]} Be2 {[%emt 0:00:56]} 42. Rhg1 {[%emt 0:00:19]} Kf7 {[%emt 0:00:02]} 43. Rg3 {[%emt 0:00:21]} Be5 {[%emt 0:00:13]} 44. Rh3 {[%emt 0:00:18]} h5 {[%emt 0:02:08]} 45. Rxh5 {[%emt 0:01:43]} Bf4+ {[%emt 0:00:26]} 46. Kc2 {[%emt 0:00:06]} Bc4 {[%emt 0:01:07]} 47. Rd1 {[%emt 0:06:54]} Re2+ {[%emt 0:00:08]} 48. Kb1 {[%emt 0:00:04]} Kg6 {[%emt 0:00:12]} 49. Rh4 {[%emt 0:04:00]} Kg5 {[%emt 0:00:57]} 50. Rh8 {[%emt 0:01:19]} Rxf2 {[%emt 0:00:18]} 51. h4+ {[%emt 0:00:08]} Kg4 {[%emt 0:00:47]} 52. h5 {[%emt 0:00:52]} Rf1 {[%emt 0:00:30]} 53. Rxf1 {[%emt 0:00:08]} Bxf1 {[%emt 0:00:04]} 54. Rg8+ {[%emt 0:00:18]} Kxh5 {[%emt 0:00:22]} 55. Rf8 {[%emt 0:00:20]} Bd3+ {[%emt 0:00:10]} 56. Ka1 {[%emt 0:00:07]} Kg4 {[%emt 0:00:35]} 57. Rg8+ {[%emt 0:00:06]} Bg5 {[%emt 0:00:31]} 58. Rf8 {[%emt 0:00:07]} Bf5 {[%emt 0:00:10]} 0-1

[Event "46th Roda Open 2019"]
[Site "La Roda"]
[Date "2019.04.19"]
[Round "4.5"]
[White "Valmana Canto, Jaime"]
[Black "Ibarra Jerez, Jose Carlos"]
[Result "0-1"]
[WhiteElo "2377"]
[BlackElo "2542"]
[Annotator "TA"]
[PlyCount "84"]
[EventDate "2019.04.17"]
[EventType "swiss"]
[EventCountry "ESP"]
[SourceTitle "playchess.com"]
[Source "ChessBase"]
[SourceQuality "1"]

{[%evp 17,84,44,42,8,0,-18,25,0,26,14,18,19,10,-13,0,-8,6,5,45,0,0,0,0,0,0,0,0,0,0,-3,8,0,3,14,13,0,0,-56,0,0,0,0,5,-12,-17,-35,-21,-80,-69,-168,-154,-509,-500,-600,-627,-645,-619,-610,-437,-622,-625,-1959,-1639,-5043,-4920,-29990,-29991,-29991,-29992]} 1. Nf3 d6 2. d4 g6 3. e4 Nf6 4. Nc3 Bg7 5. Be2 O-O 6. O-O Nc6 7. d5 Nb8 8. h3 e5 9. dxe6 Bxe6 10. Ng5 {B08: Pirc Defence: Classical System} (10. Nd4 Bd7 11. Re1 Re8 12. Bf1 Nc6 13. Nb3 a5 14. a4 Nb4 15. Bg5 h6 16. Bh4 Bc6 17. Nd4 Qd7 18. Nxc6 bxc6 {1-0 (73) Robson,R (2668)-Izoria,Z (2594) chess.com INT 2017}) 10... Bd7 11. f4 $146 {Black should prevent e5.} ({Predecessor:} 11. Bc4 h6 12. Nf3 Nc6 13. Re1 Ne5 14. Nxe5 dxe5 15. Qf3 Qe7 16. a4 c6 17. b3 Rfd8 {½-½ (94) Zecevic,D (2433)-Mrkonjic,N (2350) Sibenik 2005}) 11... Nc6 12. a3 {White has an edge.} h6 13. Nf3 Re8 14. Bd3 $1 b5 15. Be3 Nxe4 16. Nxe4 f5 17. Nc5 Rxe3 18. Bxb5 dxc5 19. Qd5+ Be6 20. Qxc6 {[#] Threatens to win with Rad1.} Rb8 ({Much weaker is} 20... Bxb2 $6 21. Rfd1 $16) 21. Rad1 Qe7 $36 {[%mdl 2048] Black is pushing.} 22. Rfe1 Bf7 23. b3 Kh7 {Hoping for ...Be8.} 24. Kh1 {Rxe3 is the strong threat.} Rxe1+ 25. Rxe1 Qd6 26. Qxd6 cxd6 27. Re7 (27. Bc6 $11) 27... Bd5 (27... Bxb3 $1 $15 28. cxb3 Rxb5) 28. Ba6 $11 Be4 29. Ne1 $1 d5 30. Rxa7 c4 31. b4 g5 32. fxg5 (32. Rd7 $11 {keeps the balance.}) 32... hxg5 $17 33. Nf3 ({Better is} 33. Rc7 $15) 33... Kg6 $19 ({Don't take} 33... Bxc2 34. Rd7 $17) 34. Bb7 $2 (34. Rd7 $17) 34... g4 35. Nd2 Bxc2 36. Bxd5 c3 37. Nc4 gxh3 38. gxh3 (38. Ne3 $142 Bb1 39. gxh3) 38... Rd8 39. Ra6+ Kg5 40. Nd6 Kf4 41. Be6 Rxd6 {[%mdl 64] [#] Remove Defender, Promotion} 42. Rxd6 Be4+ {Accuracy: White = 23%, Black = 72%.} 0-1

[Event "46th Roda Open 2019"]
[Site "La Roda"]
[Date "2019.04.19"]
[Round "4.6"]
[White "Jimenez Martinez, Jose Vicente"]
[Black "Sivuk, Vitaly"]
[Result "0-1"]
[WhiteElo "2243"]
[BlackElo "2523"]
[Annotator "TA"]
[PlyCount "64"]
[EventDate "2019.04.17"]
[EventType "swiss"]
[EventCountry "ESP"]
[SourceTitle "playchess.com"]
[Source "ChessBase"]
[SourceQuality "1"]

{[%evp 16,64,-9,-16,-26,-52,-51,-55,-52,-60,-65,-62,-60,-62,-64,-57,-71,-54,-33,-34,-34,-53,-1,-8,0,-38,-58,-125,-119,-104,-103,-103,-103,-106,-84,-70,-70,-162,-162,-160,-152,-155,-150,-172,-171,-395,-391,-386,-382,-641,-563]} 1. d4 d5 2. c4 e6 3. Nf3 Nf6 4. Nc3 c6 5. Bg5 h6 6. Bxf6 Qxf6 7. e4 dxe4 8. Nxe4 Bb4+ 9. Nc3 c5 {D43: Semi-Slav: 5 Bg5 h6} 10. Rc1 O-O (10... cxd4 11. Qxd4 Qxd4 12. Nxd4 O-O 13. a3 Be7 14. g3 Rd8 15. Nb3 Nc6 16. Bg2 Ne5 17. O-O Nxc4 {0-1 (30) Adianto,U (2562)-Bareev,E (2737) Cap d'Agde 2002}) 11. a3 Bxc3+ {Black is slightly better.} 12. Rxc3 Rd8 {[%cal Rc5d4]} 13. Rd3 Nc6 {[%cal Rc6d4]} 14. dxc5 $146 ({Predecessor:} 14. d5 Na5 15. Qc2 exd5 16. Rxd5 Rxd5 17. cxd5 {0-1 (27) Silfver,T (2024)-Recasens Sanchez,J (1971) ICCF email 2007}) 14... Rxd3 15. Qxd3 Qxb2 {Strongly threatening ...e5.} 16. Be2 {[#]} Bd7 $1 {[%mdl 512]} 17. O-O (17. Qxd7 Rd8) 17... Rd8 18. Rb1 Qa2 (18... Qf6 $15) 19. Re1 $1 $11 Qb2 20. Rb1 Qf6 21. Rd1 (21. Qe3 $15) 21... Be8 $36 {[%mdl 2048] Black is in control.} 22. Qb1 Rxd1+ 23. Qxd1 Qb2 24. Qd3 e5 25. Bf1 g6 26. Qd2 ({White should try} 26. g4 $15) 26... Qxd2 $19 ({Don't play} 26... Qxa3 27. Qxh6 f6 28. Qh3 $15) 27. Nxd2 {[%mdl 4096] Endgame KBN-KBN} Nd8 28. g3 Ne6 29. Nb3 Ba4 30. Na5 $2 {[#]} (30. Nc1) 30... Nxc5 31. Bg2 e4 32. f3 $2 (32. Nxb7 Nxb7 33. Bxe4) 32... b6 {Accuracy: White = 40%, Black = 79%.} 0-1

[Event "46th Roda Open 2019"]
[Site "La Roda"]
[Date "2019.04.19"]
[Round "4.7"]
[White "Burmakin, Vladimir"]
[Black "Suarez Uriel, Adrian"]
[Result "1-0"]
[WhiteElo "2495"]
[BlackElo "2397"]
[Annotator "TA"]
[PlyCount "63"]
[EventDate "2019.04.17"]
[EventType "swiss"]
[EventCountry "ESP"]
[SourceTitle "playchess.com"]
[Source "ChessBase"]
[SourceQuality "1"]

{[%evp 15,63,9,14,0,14,0,14,0,3,0,2,0,16,22,22,22,22,16,21,21,48,44,56,54,52,40,45,7,17,18,33,31,29,23,53,44,57,47,69,69,80,75,236,222,220,214,417,254,469,457]} 1. Nf3 Nf6 2. d4 g6 3. Bf4 Bg7 4. e3 d6 5. Be2 O-O 6. O-O b6 7. a4 a6 8. h3 Bb7 9. Bh2 {A48: 1 d4 Nf6 2 Nf3 g6: Torre, London and Colle Systems} Nbd7 10. c4 c5 11. Nc3 {The position is equal.} Ne4 12. Nxe4 $146 ({Predecessor:} 12. Qb1 Ndf6 13. d5 Nxc3 14. bxc3 e6 15. e4 Rb8 16. Ra3 exd5 17. exd5 {½-½ (49) Bauer,C (2679)-Le Roux,J (2534) Le Port Marly 2012}) 12... Bxe4 13. Qb3 Qc7 14. Nd2 Bb7 15. d5 f5 16. Rfd1 Rab8 17. Nb1 Ne5 18. Nc3 Bc8 19. Qc2 Bd7 20. Qc1 Rfc8 21. e4 fxe4 22. Qe3 Qd8 23. Qxe4 Qf8 24. f4 Nf7 25. Bg4 Bxg4 26. hxg4 Nh6 27. Qf3 Rc7 28. Re1 Qf6 $2 {[#]} (28... Bd4+ $16 29. Kh1 Nf7) 29. g5 $18 Qd4+ 30. Kh1 Nf5 $2 (30... Nf7 {is a better defense.}) 31. g4 Nh4 $2 {[#]} (31... Qxc4 {was called for.} 32. gxf5 gxf5) 32. Qe2 $1 {Accuracy: White = 68%, Black = 22%.} 1-0

[Event "46th Roda Open 2019"]
[Site "La Roda"]
[Date "2019.04.19"]
[Round "4.8"]
[White "Buendia Pinar, Alvaro"]
[Black "Grachev, Boris"]
[Result "0-1"]
[WhiteElo "2256"]
[BlackElo "2618"]
[Annotator "TA"]
[PlyCount "62"]
[EventDate "2019.04.17"]
[EventType "swiss"]
[EventCountry "ESP"]
[SourceTitle "playchess.com"]
[Source "ChessBase"]
[SourceQuality "1"]

{[%evp 17,62,0,0,-36,-33,-53,-49,-69,-83,-101,-48,-59,-26,-152,-141,-177,-172,-175,-156,-156,-130,-137,-96,-100,-80,-259,-260,-355,-348,-525,-514,-574,-556,-459,-420,-400,-363,-315,-347,-657,-657,-649,-641,-868,-815,-1111,-1100]} 1. d4 Nf6 2. c4 b6 3. Nc3 Bb7 4. Nf3 e6 5. e3 Bb4 6. Be2 O-O 7. O-O Bxc3 8. bxc3 Ne4 9. Qc2 f5 10. Rd1 {E32: Nimzo-Indian: Classical (4 Qc2): 4...0-0} (10. Ne1 c5 11. f3 Nd6 12. Ba3 Qc7 13. Rd1 Ba6 14. Qa4 Qc6 15. Qb3 Nb7 16. d5 Qc7 17. e4 Na5 {0-1 (53) Naiditsch,A (2689)-Almasi,Z (2689) Reykjavik 2015}) 10... d6 11. Ba3 Nd7 12. Qb3 {Black is slightly better.} c5 $146 ({Predecessor:} 12... Qf6 13. Rac1 Ng5 14. Nxg5 Qxg5 {1-0 (31) Huang,Q-Li,M Hangzhou 2018}) 13. d5 e5 (13... Rf6 $17) 14. Qc2 Bc8 15. Nd2 {[#]} (15. Rf1 $11) 15... Nxd2 $1 $17 ({Don't do} 15... Qh4 16. Nxe4 fxe4 17. Rf1 $15) 16. Qxd2 {[#]} e4 $1 17. Qe1 Ne5 18. Bc1 Ba6 19. Qf1 Rf6 20. a4 Rg6 {Strongly threatening ...Qh4.} 21. g3 $2 (21. Kh1 $17 {keeps fighting.}) 21... Rh6 $19 {Threatens to win with ...Bxc4!} 22. h3 Qg5 23. Kh2 {[#]} (23. Qg2 $142) 23... Bxc4 $1 {[%mdl 512]} 24. f4 (24. Bxc4 Nf3+) 24... exf3 25. Bxc4 {intending e4.} Rg6 ({And not} 25... Nxc4 26. Qxc4 f4 27. Qxf4 $11) 26. Qf2 Nxc4 27. Qxf3 Ne5 28. Qf4 $2 (28. Qg2) 28... Qh5 {aiming for ...Qe2+.Black is clearly winning.} 29. Rf1 Rh6 30. Qxf5 Qe2+ 31. Kg1 {[#]} Rf6 $1 {[%mdl 512] Accuracy: White = 18%, Black = 76%.} 0-1

[Event "46th Roda Open 2019"]
[Site "La Roda"]
[Date "2019.04.19"]
[Round "5.1"]
[White "Sivuk, Vitaly"]
[Black "Perez Candelario, Manuel"]
[Result "0-1"]
[WhiteElo "2523"]
[BlackElo "2615"]
[Annotator "TA"]
[PlyCount "130"]
[EventDate "2019.04.17"]
[EventType "swiss"]
[EventCountry "ESP"]
[SourceTitle "playchess.com"]
[Source "ChessBase"]
[SourceQuality "1"]

{[%evp 27,130,55,49,56,77,5,31,1,1,1,1,1,2,8,11,4,6,0,15,0,0,-34,-42,-45,-49,-40,-36,-148,-128,-132,-139,-137,-139,-142,-133,-134,-138,-145,-135,-136,-71,-79,-85,-77,-77,-75,-78,-83,-12,-12,-12,-14,-19,-331,-330,-326,-316,-319,-320,-288,-297,-502,-402,-478,-465,-434,-434,-434,-372,-358,-347,-2606,-1977,-1802,-1737,-29975,-29976,-29976,-29977,-29977,-29978,-29978,-29979,-29979,-29979,-29981,-29982,-29982,-29983,-29983,-29981,-29981,-29982,-29982,-29980,-29980,-29981,-29981,-29976,-29988,-29977,-29977,-29978,-29988,-29989]} 1. d4 Nf6 2. c4 g6 3. Nc3 Bg7 4. e4 d6 5. Nf3 O-O 6. Be2 Nbd7 7. O-O e5 8. Be3 Re8 9. Qc2 exd4 10. Nxd4 c6 11. Rad1 Qe7 12. f3 Nc5 13. Rfe1 Nfd7 (13... a5 14. Bf1 {½-½ (14) Laclau,D (2301)-Bernal Moro,L (2435) La Massana 2015}) 14. Bf1 a5 15. b3 {E94: King's Indian: Classical: 6 Be2 e5 7 0-0: Various Black 7th moves} Ne5 16. a3 ({Better is} 16. h3 $16) 16... h5 $146 ({Predecessor:} 16... Qf6 17. Qc1 Qe7 18. Kh1 Bh8 {0-1 (34) Housieaux,D (2284)-Sorbe,S (2169) Amiens 2001}) 17. b4 {White is slightly better.} axb4 18. axb4 Ne6 19. Na4 Qh4 20. Nxe6 Bxe6 21. Nb6 Ra3 22. Qd2 {Black must now prevent Bg5.} Qe7 23. Kh1 h4 $40 {[%mdl 128] Black has some attack.} 24. f4 Ng4 25. Bd4 Bxd4 26. Qxd4 Ra2 27. Rd2 (27. Re2 $15 Rxe2 28. Bxe2) 27... Rxd2 $17 28. Qxd2 {[#]} Bf5 $1 {[%mdl 512]} 29. e5 (29. exf5 Qxe1) 29... dxe5 30. h3 Nf6 {Threatens to win with ...Ne4.} 31. Rxe5 Qf8 {Hoping for ...Rxe5.} 32. Qe1 Rxe5 33. fxe5 {[#]} Ne4 (33... Nh5 $142 $1 {...Qd8 is the strong threat.} 34. c5 Ng3+ 35. Kg1 Qd8) 34. Qxh4 Qxb4 {And now ...g5 would win.} 35. Nd7 Qb1 36. Qd8+ Kh7 37. Kg1 Bxd7 (37... Qa1 $17 {aiming for ...Qd4+.} 38. Nf6+ Nxf6 {[%mdl 64] Overworked Piece} 39. Qxf6 Qd4+ 40. Kh2 Be6) 38. Qxd7 $11 Qb6+ 39. Kh2 $1 Qf2 40. Bd3 $2 {[%mdl 8192]} (40. Qg4 $11 {and White stays safe.}) 40... Qf4+ $19 41. Kh1 {[#]} Nf2+ $1 42. Kg1 Nxd3 43. Qxd3 Qxe5 {[%mdl 4096] Endgame KQ-KQ} 44. Qd7 $2 (44. Qb3) 44... Qe3+ 45. Kh2 Qf4+ 46. Kg1 Qxc4 47. Qxb7 c5 48. Qe7 Qd4+ 49. Kh2 $2 (49. Kf1 Kg7 50. Ke2) 49... Kg7 50. h4 c4 51. Kh3 c3 {Black mates.} 52. Qc7 Qd3+ 53. Kh2 c2 54. Qe5+ Kf8 55. Qb8+ Ke7 56. Qc7+ Ke6 57. Qc8+ Kf6 58. Qh8+ Kf5 59. Qc8+ Kf4 60. Qb8+ Kg4 61. Qb4+ Kh5 62. Qf4 Qf5 63. Qc4 Qe5+ 64. g3 Qb2 65. Kh3 c1=Q {Accuracy: White = 43%, Black = 71%.} 0-1

[Event "46th Roda Open 2019"]
[Site "La Roda"]
[Date "2019.04.19"]
[Round "5.2"]
[White "Solodovnichenko, Yuri"]
[Black "Burmakin, Vladimir"]
[Result "1-0"]
[WhiteElo "2554"]
[BlackElo "2495"]
[Annotator "TA"]
[PlyCount "91"]
[EventDate "2019.04.17"]
[EventType "swiss"]
[EventCountry "ESP"]
[SourceTitle "playchess.com"]
[Source "ChessBase"]
[SourceQuality "1"]

{[%evp 10,91,36,25,37,-4,7,0,35,34,33,31,32,43,48,54,53,54,60,49,64,64,118,118,118,111,111,111,131,111,122,125,125,118,137,128,136,138,133,121,125,124,206,200,210,178,180,188,208,202,195,188,204,190,255,255,255,255,255,255,255,247,240,240,240,240,237,237,297,267,265,274,263,251,273,273,266,251,251,250,816,816,804,802]} 1. e4 c6 2. Nf3 d5 3. Nc3 dxe4 4. Nxe4 Nf6 5. Qe2 Nxe4 6. Qxe4 Qd5 {B11: Caro-Kann: Two Knights Variation} 7. Qh4 Qe6+ 8. Be2 Qg4 {The position is equal.} 9. Qg3 Qxg3 10. hxg3 g6 11. Ng5 $36 {[%mdl 2048] White has some pressure.} h6 $146 ({Predecessor:} 11... f6 12. Ne4 Bf5 13. d3 Nd7 14. Be3 {1-0 (32) Martirosyan,H (2586)-Melkumyan,H (2664) Batumi 2018}) 12. Bc4 e6 13. d4 Bg7 14. Ne4 Nd7 15. c3 Nf6 {[#]} (15... f5 $14) 16. Nxf6+ $1 $16 Bxf6 17. Rxh6 Rxh6 18. Bxh6 Ke7 19. Bf4 Bd7 20. g4 g5 21. Bg3 Rh8 22. Kd2 Kd8 23. b4 Kc8 24. Re1 Bd8 25. Be5 Rg8 (25... Rh6 $16 26. Bb3 Bc7) 26. Rh1 $18 a5 27. a3 {[%cal Ba2a3,Ba3b4][%mdl 32]} axb4 28. axb4 f6 29. Bd6 Bc7 30. Be7 Bd8 31. Rh7 Kc7 (31... Bxe7 {was worth a try.} 32. Rxe7 Rf8) 32. Bc5 Kc8 33. Bd6 Re8 34. f3 Rg8 35. Ke2 Re8 36. Kf2 Rg8 37. Ba2 Re8 38. Bb3 b5 39. g3 Bb6 40. Be7 Bd8 41. Bxd8 Kxd8 42. Rf7 f5 43. gxf5 exf5 44. Rg7 g4 $2 {[#]} (44... Rh8 45. Rxg5 Rh1) 45. fxg4 fxg4 46. Rg8 {Accuracy: White = 81%, Black = 66%.} 1-0

[Event "46th Roda Open 2019"]
[Site "La Roda"]
[Date "2019.04.19"]
[Round "5.4"]
[White "Merario Alarcon, Andres"]
[Black "Predke, Alexandr"]
[Result "0-1"]
[WhiteElo "2399"]
[BlackElo "2619"]
[Annotator "TA"]
[PlyCount "77"]
[EventDate "2019.04.17"]
[EventType "swiss"]
[EventCountry "ESP"]
[SourceTitle "playchess.com"]
[Source "ChessBase"]
[SourceQuality "1"]

{[%evp 11,77,31,50,37,35,31,47,39,53,38,71,57,54,63,53,52,80,0,0,-42,-14,-39,-42,-35,0,0,0,0,6,-18,-3,-8,-8,-32,0,-31,0,0,0,-69,0,-57,-53,-43,0,-69,-74,-97,-23,-110,-100,-188,-98,-277,-277,-506,-283,-499,-499,-754,-754,-754,-754,-677,-670,-1537,-1612,-1199]} 1. d4 Nf6 2. c4 g6 3. Nc3 Bg7 4. e4 d6 5. h3 O-O 6. Be3 Na6 7. g4 {E71: King's Indian: 4 e4 d6 5 h3} e5 (7... c6 8. Bg2 e5 9. Nge2 Nc7 10. f4 exf4 11. Nxf4 Nd7 12. Qd2 b5 13. cxb5 Nxb5 14. Nxb5 cxb5 {½-½ (25) Cheparinov,I (2683)-Chigaev,M (2613) Skopje 2019}) 8. d5 Nc5 9. f3 {White is slightly better.} a5 10. Nge2 Ne8 11. h4 $146 ({You set blue moves yourself with the critical opening position annotation.:} 11. Qd2 f5 12. gxf5 gxf5 13. O-O-O f4 14. Bf2 Bd7 {1-0 (49) Sobh,A (2210)-Wanyama,H (2280) Dar es Salaam 2016}) 11... f5 12. gxf5 gxf5 13. exf5 Bf6 14. Bf2 (14. Bh3 $16) 14... Ng7 $11 15. Ne4 Nxf5 {next ...&We4 is good for Black.} 16. Nxf6+ Qxf6 17. Qd2 a4 {[%cal Ba5a4,Ba4a3][%mdl 32] Hoping for ...a3.} 18. O-O-O $1 a3 19. b3 Bd7 20. Nc3 Nd4 $1 $36 {[%mdl 2048] Black has some pressure.} 21. Bxd4 exd4 22. Ne4 Qf4 23. Bg2 Qxd2+ 24. Rxd2 Bf5 25. Nf2 (25. Kc2 $11) 25... Rfe8 (25... Rae8 $15 26. Ne4 Bxe4 27. fxe4 d3) 26. Ne4 (26. Bh3 $11 Bxh3 27. Nxh3) 26... Bxe4 $15 27. fxe4 Rf8 28. Bh3 (28. Kc2 $11) 28... Rf3 29. Bf5 Rg3 ({Black should try} 29... Nd3+ $17 30. Kd1 Rg3) 30. Kc2 (30. Kb1 $11) 30... Na6 $1 $17 31. Kb1 {[#]} (31. h5 $17) 31... Nb4 (31... Kh8 $1 $19 32. Rhd1 (32. Rxd4 $2 Nb4 $17) 32... Nb4) 32. Rhd1 $2 {[#]} (32. h5 $17) 32... Kh8 $1 $19 33. Rxd4 $2 (33. c5 {is a better defense.} dxc5 34. h5) 33... Rag8 {...&Vg2 is the strong threat.} 34. R4d2 $2 (34. c5 {was forced.} dxc5 35. R4d2) 34... Rg2 {Black is clearly winning.} 35. Kc1 (35. Rxg2 $142 Rxg2 36. e5 Nxa2 37. Rd3 Rb2+ 38. Ka1) 35... R8g3 36. Rxg2 Rxg2 37. Rd2 Nxa2+ 38. Kc2 Nb4+ 39. Kc3 {NOTEXT-4805: Tournament = 29%, Annotator = 66%.} 0-1